India disarmament policy / (Record no. 104380)

MARC details
000 -LEADER
fixed length control field 00548nam a22001937a 4500
005 - DATE AND TIME OF LATEST TRANSACTION
control field 20161110120649.0
010 ## - LCCN (DPL NO)
LC control number ENG-116368
020 ## - INTERNATIONAL STANDARD BOOK NUMBER
International Standard Book Number 9788184303476
Terms of availability 500.00
035 ## - SYSTEM CONTROL NUMBER
System control number EN-99900
037 ## - SOURCE OF ACQUISITION
Source of stock number/acquisition DBAD/PUB
082 ## - DEWEY DECIMAL CLASSIFICATION NUMBER
Classification number 327.17470954
100 ## - MAIN ENTRY--PERSONAL NAME
Personal name Ghatate,N.M.
245 ## - TITLE STATEMENT
Title India disarmament policy /
Statement of responsibility, etc by Ghatate,N.M.
260 ## - PUBLICATION, DISTRIBUTION, ETC. (IMPRINT)
Place of publication, distribution, etc New Delhi
Name of publisher, distributor, etc Ocean Books
Date of publication, distribution, etc 2016
270 ## - ADDRESS
Address 4/19, Asaf Ali Road,
City New Delhi
Postal code 110002
300 ## - PHYSICAL DESCRIPTION
Extent 304p.
Dimensions 22cm(Hb)
500 ## - GENERAL NOTE
General note Includes index
942 ## - ADDED ENTRY ELEMENTS (KOHA)
Source of classification or shelving scheme Dewey Decimal Classification
Item type English Books
Classification part 327.17470954
Call number suffix GHA
Holdings
Withdrawn status Lost status Not for loan Collection code Home library Current library Date acquired Source of acquisition Cost, normal purchase price Full call number Barcode Copy number Cost, replacement price Koha item type
      Non-fiction Shahdara Branch Shahdara Branch 28/10/2016 DBAD/PUB 500.00 327.17470954 GHA EN-99900 1 500.00 English Books

© Delhi Public Library
Hit Counter
free hit counter